[Event "Challenge"]
[Site "http://www.queenalice.com/game.php?id=1345491"]
[Date "2015.3.4"]
[Round "-"]
[White "Lord_Black"]
[Black "JRic"]
[Result "0-1"]
[WhiteElo "1719"]
[BlackElo "1663"]

1. d4 d5 2. c4 Nf6 3. Nc3 Bd7 4. cxd5 e6 5. e4 exd5 6. Bg5 Bb4 7. e5 Bxc3+ 8.
bxc3 h6 9. Bh4 g5 10. exf6 Qxf6 11. Bg3 O-O 12. Bd3 Bf5 13. Nf3 Bg4 14. Be5 Bxf3
15. Qxf3 Qxf3 16. gxf3 Nc6 17. Bxc7 Rfe8+ 0-1

[Event "AUTO-INT-2966"]
[Site "http://www.queenalice.com/game.php?id=1345558"]
[Date "2015.3.4"]
[Round "1"]
[White "Ricardoabreu"]
[Black "JRic"]
[Result "0-1"]
[WhiteElo "1633"]
[BlackElo "1635"]

1. e4 e5 2. b3 Nc6 3. Bb2 Nf6 4. Qe2 Bc5 5. Nh3 d6 6. c3 a6 7. a4 Bxh3 8. gxh3
Qe7 9. d3 O-O 10. b4 Ba7 11. b5 Na5 12. Ra3 b6 13. bxa6 Qd7 14. d4 Qe6 15. Nd2
c6 16. Nc4 Nxc4 17. Ra2 Nxb2 18. Rxb2 exd4 19. cxd4 Nxe4 20. Bg2 d5 21. O-O Bb8
22. Rxb6 Qd6 23. Rxb8 Raxb8 24. Bxe4 dxe4 25. Qxe4 Qg6+ 26. Kh1 Qxe4+ 0-1

[Event "AUTO-INT-2966"]
[Site "http://www.queenalice.com/game.php?id=1345574"]
[Date "2015.3.4"]
[Round "1"]
[White "JRic"]
[Black "JORAM2205"]
[Result "1-0"]
[WhiteElo "1641"]
[BlackElo "1781"]

1. d4 d5 2. Nc3 c6 3. Nf3 e6 4. e3 Qa5 5. Bd2 Nf6 6. Ne4 Qc7 7. a3 Nxe4 8. Bd3
Nf6 9. g3 h6 10. h3 Be7 11. Ne5 Qb6 12. b4 Nbd7 13. Nxd7 Bxd7 14. Bc3 a6 15. g4
g5 16. Qe2 h5 17. f3 Bd6 18. a4 Bg3+ 19. Kd1 Bd6 20. Rg1 O-O-O 21. a5 Qa7 22. e4
h4 23. Rg2 b5 24. Ra2 Be8 25. Ra1 Bf4 26. e5 Ng8 27. Rb1 Bd7 28. Bd2 Qxd4 29.
Bxf4 Qxf4 30. Rg1 Qd4 31. Rf1 Nh6 32. Kd2 c5 33. c3 Qf4+ 34. Kd1 c4 35. Bc2 d4
36. cxd4 Qxd4+ 37. Kc1 Rhg8 38. Rd1 Qf4+ 39. Kb2 f6 40. Rd6 fxe5 41. Rxa6 Qd4+
42. Ka2 Qd5 43. Be4 Qd6 44. Rxd6 Nf7 45. Rb6 c3 46. Qc2 Be8 47. Qxc3+ Kd7 48.
Rd1+ Ke7 49. Rxd8 Nxd8 50. Qxe5 Bd7 51. a6 Nf7 52. Qc5+ Kf6 53. a7 Ne5 54. a8=Q
1-0

[Event "AUTO-INT-2966"]
[Site "http://www.queenalice.com/game.php?id=1345575"]
[Date "2015.3.4"]
[Round "1"]
[White "JORAM2205"]
[Black "JRic"]
[Result "0-1"]
[WhiteElo "1762"]
[BlackElo "1613"]

1. e4 e5 2. Nf3 Nc6 3. d3 Nf6 4. Nc3 Bb4 5. Bd2 d6 6. h3 Bxc3 7. Bxc3 b6 8. Be2
a5 9. Qd2 h6 10. Qe3 Qe7 11. a3 Bd7 12. a4 Be6 13. O-O g6 14. d4 exd4 15. Bxd4
Nb4 16. c3 Nc2 17. Qf4 Nxa1 18. Rxa1 Nh5 19. Qh2 g5 20. Bxh8 Nf4 21. Bd4 Nxe2+
22. Kf1 Nf4 23. g4 Bc4+ 24. Kg1 Qxe4 25. Qg3 Ne2+ 26. Kg2 Nxg3 27. Kxg3 O-O-O
28. Bf6 Re8 29. Nd2 Qd3+ 30. Nf3 Bd5 31. Kg2 Qxf3+ 32. Kf1 Qg2# 0-1

[Event "AUTO-INT-2966"]
[Site "http://www.queenalice.com/game.php?id=1345576"]
[Date "2015.3.4"]
[Round "1"]
[White "JRic"]
[Black "nuage"]
[Result "1-0"]
[WhiteElo "1683"]
[BlackElo "1511"]

1. e4 e5 2. d4 Bd6 3. Nc3 Ne7 4. Nf3 exd4 5. Qxd4 O-O 6. Bd3 h6 7. e5 Nec6 8.
Qg4 Nxe5 9. Nxe5 Bxe5 10. Qe4 Qe8 11. Qh7# 1-0

[Event "AUTO-INT-2966"]
[Site "http://www.queenalice.com/game.php?id=1345577"]
[Date "2015.3.4"]
[Round "1"]
[White "nuage"]
[Black "JRic"]
[Result "1-0"]
[WhiteElo "1485"]
[BlackElo "1635"]

1. Nf3 d5 2. d3 Nf6 3. g3 Nc6 4. Bg2 e6 5. O-O Ng4 6. Bf4 h5 7. Nbd2 e5 8. Bg5
f6 9. h3 fxg5 10. hxg4 hxg4 11. Nh2 Qf6 12. Bxd5 Bc5 13. Ne4 Qe7 14. c3 g6 15.
b4 Bd6 16. b5 Qh7 17. Nf6+ Ke7 18. Nxh7 Rxh7 19. bxc6 bxc6 20. Bxc6 Rb8 21. d4
Ba6 22. dxe5 Bc5 23. Qd7+ 1-0

[Event "Challenge"]
[Site "http://www.queenalice.com/game.php?id=1347295"]
[Date "2015.3.13"]
[Round "-"]
[White "JRic"]
[Black "PROFALEXANDRE"]
[Result "0-1"]
[WhiteElo "1645"]
[BlackElo "1689"]

1. d4 d5 2. c4 dxc4 3. Qa4+ c6 4. Qxc4 Be6 5. Qd3 h6 6. Nf3 Nf6 7. Nc3 Qc8 8.
Ne5 Bf5 9. Qd2 Na6 10. e3 Nb4 11. Bd3 Bxd3 12. Nxd3 a5 13. h3 Qf5 14. Nxb4 axb4
15. g4 Qf3 16. Rh2 Ne4 17. Nxe4 Qxe4 18. Qxb4 b5 19. Bd2 e6 20. Qc3 Bd6 21. a3
Bxh2 22. Ke2 O-O 23. f3 Qd5 24. e4 Qd6 25. Qe3 g5 26. b4 Bf4 27. Qd3 Rfd8 28.
Bxf4 gxf4 29. h4 e5 0-1

[Event "Challenge"]
[Site "http://www.queenalice.com/game.php?id=1349377"]
[Date "2015.3.23"]
[Round "-"]
[White "renet54"]
[Black "JRic"]
[Result "1-0"]
[WhiteElo "1508"]
[BlackElo "1651"]

1. e4 d5 2. exd5 Qxd5 3. Nc3 Qd8 4. d4 c6 5. Nf3 Bg4 6. Bc4 Bxf3 7. Qxf3 f6 8.
Be3 Qd7 9. O-O-O b6 10. d5 e6 11. dxe6 Qe7 12. Rhe1 b5 13. Nxb5 a6 14. Nd6+ Qxd6
15. Rxd6 Bxd6 16. Bb6 Be5 17. Qd3 Bf4+ 18. Kb1 1-0

[Event "Challenge"]
[Site "http://www.queenalice.com/game.php?id=1351181"]
[Date "2015.4.2"]
[Round "-"]
[White "rpalmero"]
[Black "JRic"]
[Result "1-0"]
[WhiteElo "1871"]
[BlackElo "1652"]

1. c4 e5 2. Nc3 Nc6 3. e3 Nf6 4. a3 d6 5. Qc2 g6 6. Nf3 Bf5 7. Bd3 Qe7 8. Nd5
Nxd5 9. Bxf5 gxf5 10. cxd5 Na5 11. Qxf5 Bg7 12. e4 Bf6 13. d3 Nb3 14. Rb1 c6 15.
dxc6 bxc6 16. Be3 c5 17. Ke2 Qe6 18. Qxe6+ fxe6 19. h3 O-O-O 20. g4 h6 21. Nd2
Nxd2 22. Bxd2 Kd7 23. b4 Rb8 24. bxc5 Rxb1 25. Rxb1 1-0

[Event "Challenge"]
[Site "http://www.queenalice.com/game.php?id=1356479"]
[Date "2015.4.29"]
[Round "-"]
[White "jamesxirb"]
[Black "JRic"]
[Result "0-1"]
[WhiteElo "1478"]
[BlackElo "1642"]

1. e4 e5 2. d4 Nc6 3. d5 Na5 4. c4 c5 5. Be2 Nf6 6. f3 d6 7. Nc3 h6 8. f4 exf4
9. Bxf4 h5 10. h3 b6 11. Bg5 Be7 12. Qd2 Ba6 13. a3 Nb3 14. Qd1 Nxa1 15. Qxa1 h4
16. Qd1 Nxe4 17. Nxe4 f6 18. Bf4 g5 19. Bh5+ Kf8 20. Be3 Bxc4 21. b3 f5 22. Qf3
Rxh5 23. Qxh5 Bxd5 24. Qh6+ Ke8 25. Qh5+ Kd7 26. Nc3 Bxg2 27. Rh2 Be4 28. Rd2 a6
29. Nge2 Qf8 30. Nd5 Kc6 31. Ndc3 Qf6 32. Nxe4 fxe4 33. Qg4 Rf8 34. Qxe4+ Kc7
35. Qd3 Qf1# 0-1

[Event "AUTO-INT-2966"]
[Site "http://www.queenalice.com/game.php?id=1366647"]
[Date "2015.6.20"]
[Round "2"]
[White "rfdc"]
[Black "JRic"]
[Result "1-0"]
[WhiteElo "1820"]
[BlackElo "1620"]

1. d4 d5 2. e3 Nc6 3. Nf3 Bg4 4. Be2 Nf6 5. a3 e6 6. h3 Bxf3 7. Bxf3 Bd6 8. b4
b6 9. b5 Na5 10. Bd2 Nc4 11. a4 a5 12. Be2 Ne4 13. Bxc4 dxc4 14. O-O Qc8 15. Nc3
Ng5 16. Qe2 c6 17. Qxc4 cxb5 18. Qxb5+ Qd7 19. Qxb6 O-O 20. Nb5 Rfb8 21. Qxd6
Qxd6 22. Nxd6 g6 23. Rfb1 Rxb1+ 24. Rxb1 Kg7 25. Rb5 h6 26. Rxa5 Rd8 27. Bb4 Rb8
28. Rb5 Rd8 29. a5 Ra8 30. Rb6 h5 31. c4 f5 32. c5 Kf8 33. c6 1-0

[Event "AUTO-INT-2966"]
[Site "http://www.queenalice.com/game.php?id=1366648"]
[Date "2015.6.20"]
[Round "2"]
[White "JRic"]
[Black "rfdc"]
[Result "0-1"]
[WhiteElo "1612"]
[BlackElo "1828"]

1. d4 d6 2. Nf3 g6 3. e4 Bg7 4. Nc3 Nf6 5. Bd3 Nbd7 6. Bg5 O-O 7. Qd2 b6 8. Bxf6
Nxf6 9. Nb5 c6 10. e5 dxe5 11. dxe5 Nd7 12. Nc3 Nxe5 13. Nxe5 Bxe5 14. O-O-O Qc7
15. g3 Bg4 16. Rde1 Bg7 17. h3 Be6 18. b3 Rad8 19. g4 Qd6 20. Kd1 Qc5 21. Ne4
Qa3 22. Ke2 a5 23. Kf1 Bd5 24. Rh2 Bxe4 25. Rxe4 e6 26. Ra4 Qd6 27. Rg2 e5 28.
b4 e4 29. bxa5 bxa5 30. Qxa5 exd3 31. cxd3 Qxd3+ 32. Kg1 Qb5 0-1

[Event "AUTO-INT-2966"]
[Site "http://www.queenalice.com/game.php?id=1366653"]
[Date "2015.6.20"]
[Round "2"]
[White "JRic"]
[Black "Ditto"]
[Result "0-1"]
[WhiteElo "1563"]
[BlackElo "1547"]

1. e4 e5 2. Nf3 Nc6 3. Nc3 Bc5 4. d3 d6 5. Be2 Nf6 6. Bg5 Be6 7. Bxf6 Qxf6 8.
Nb5 Bb6 9. a3 a6 10. Nc3 Qg6 11. g3 Bh3 12. Nd5 Bg2 13. Rg1 Bh3 14. c3 O-O 15.
Qd2 Bd7 16. Nh4 Qe6 17. Nf5 Na5 18. Qc2 Rac8 19. Qd2 Nb3 20. Qg5 g6 21. Qh6 gxf5
22. Nf6+ Qxf6 23. Qxf6 Nxa1 24. Bd1 fxe4 25. dxe4 Rce8 26. h4 Re6 27. Qf3 Kg7
28. g4 Rf6 29. Qd3 Bxf2+ 30. Kd2 Bxg1 31. g5 Rf2+ 32. Ke1 Bb5 33. Qb1 Rf1+ 34.
Kd2 Rf2+ 35. Kc1 Rh2 36. Qxa1 Be3+ 37. Kb1 Bd3+ 0-1

[Event "AUTO-INT-2966"]
[Site "http://www.queenalice.com/game.php?id=1366654"]
[Date "2015.6.20"]
[Round "2"]
[White "Ditto"]
[Black "JRic"]
[Result "0-1"]
[WhiteElo "1731"]
[BlackElo "1631"]

1. d3 d6 2. c4 Nf6 3. Nf3 Nc6 4. Nc3 e5 5. Bg5 Be7 6. e4 Bg4 7. Be2 Bxf3 8. Bxf3
Nd4 9. O-O Nd7 10. Bxe7 Qxe7 11. Nd5 Qd8 12. Bg4 Nf6 13. Bh3 c6 14. Nc3 h5 15.
f4 g6 16. fxe5 dxe5 17. Qd2 Ng4 18. Bxg4 hxg4 19. Qf2 Qg5 20. Nd1 O-O-O 21. Ne3
Qh5 22. g3 Nf3+ 23. Kh1 Nxh2 24. Kg2 Qh3+ 25. Kg1 Nf3+ 26. Qxf3 Qh2# 0-1

[Event "Challenge"]
[Site "http://www.queenalice.com/game.php?id=1369347"]
[Date "2015.7.3"]
[Round "-"]
[White "JRic"]
[Black "perucona"]
[Result "0-1"]
[WhiteElo "1592"]
[BlackElo "1268"]

1. e4 e5 2. Nf3 Nc6 3. Nc3 Nf6 4. d3 d6 5. Bg5 Be7 6. Be2 O-O 7. Qd2 Bg4 8. Bh6
gxh6 9. Qxh6 Bxf3 10. Bxf3 Qd7 11. g4 Ne8 12. h4 Nf6 13. Nd5 Nxd5 14. exd5 Na5
15. Be4 f5 16. gxf5 Bf6 0-1

[Event "Challenge"]
[Site "http://www.queenalice.com/game.php?id=1372187"]
[Date "2015.7.19"]
[Round "-"]
[White "PROFALEXANDRE"]
[Black "JRic"]
[Result "1-0"]
[WhiteElo "1670"]
[BlackElo "1651"]

1. e4 e5 2. Nf3 Nf6 3. d3 d6 4. h3 Nc6 5. a3 b6 6. Nc3 a5 7. Bg5 h6 8. Bxf6 gxf6
9. Nd5 Be6 10. c3 Bg7 11. d4 exd4 12. cxd4 Bxd5 13. exd5 Ne7 14. Bb5+ Kf8 15.
O-O Ra7 16. Qb3 f5 17. Qc4 f4 18. Bc6 Nf5 19. Rfe1 Ne7 20. Re2 Bf6 21. Rae1 1-0

[Event "Challenge"]
[Site "http://www.queenalice.com/game.php?id=1375233"]
[Date "2015.8.3"]
[Round "-"]
[White "cyrano"]
[Black "JRic"]
[Result "1-0"]
[WhiteElo "1629"]
[BlackElo "1636"]

1. e4 e5 2. Bc4 Nc6 3. Qf3 Nh6 4. c3 Qe7 5. d4 f6 6. d5 Na5 7. Be2 d6 8. b4 Bg4
9. Qd3 Bxe2 10. Nxe2 g5 11. bxa5 a6 12. c4 Bg7 13. f3 O-O 14. Nbc3 c6 15. Ba3 c5
16. Bc1 Rfd8 17. g4 Qc7 18. h4 1-0